| 000 | 00334nam a2200133Ia 4500 | ||
|---|---|---|---|
| 005 | 20251222142016.0 | ||
| 008 | 251222s9999||||xx |||||||||||||| ||spa|| | ||
| 020 | _a84-321-3496-1 | ||
| 082 | _a791.437/C27 | ||
| 100 | _aCaparrós Lera, José María | ||
| 245 | 0 | _aEl Cine del Nuevo Siglo (2001-2003) | |
| 264 | _bRialp | ||
| 942 | _cLIB | ||
| 999 |
_c10499 _d10499 |
||